[Event "Int. Championship of Central Serbia - O"]
[Site "Paracin"]
[Date "2011.07.09"]
[Round "2.1"]
[White "Indjic, Aleksandar"]
[Black "Miladinovic, Igor"]
[Result "1/2-1/2"]
[WhiteElo "2373"]
[BlackElo "2566"]
[PlyCount "84"]
[EventDate "2011.??.??"]

1. d4 d5 2. c4 Bf5 3. Nc3 e6 4. Nf3 Nc6 5. a3 Nf6 6. Bg5 Be7 7. Bxf6 Bxf6 8.
cxd5 exd5 9. e3 Ne7 10. Bd3 c6 11. O-O O-O 12. b4 a6 13. a4 g6 14. Qc2 Rc8 15.
Rfc1 Qd6 16. Nd2 Bg7 17. Nb3 Rce8 18. b5 axb5 19. axb5 Bc8 20. bxc6 bxc6 21.
Na5 f5 22. Ne2 f4 23. exf4 Bg4 24. f3 Bd7 25. Nb7 Qf6 26. Nc5 Bc8 27. Ba6 Nf5
28. Bxc8 Nxd4 29. Nxd4 Qxd4+ 30. Kh1 Rxc8 31. Ne6 Qb2 32. Qd3 Rfe8 33. Rab1 Qf6
34. Nxg7 Kxg7 35. g3 Rc7 36. Rb6 Re6 37. Qa6 g5 38. Rb7 Rxb7 39. Qxb7+ Kg6 40.
Qc8 Kg7 41. Qd7+ Kg6 42. Qc8 Kg7 1/2-1/2

[Event "Int. Championship of Central Serbia - O"]
[Site "Paracin"]
[Date "2011.07.09"]
[Round "2.2"]
[White "Bogosavljevic, Boban"]
[Black "Stankovic, Milos"]
[Result "1-0"]
[WhiteElo "2548"]
[BlackElo "2364"]
[PlyCount "93"]
[EventDate "2011.??.??"]

1. Nf3 c5 2. c4 Nc6 3. Nc3 g6 4. e3 Bg7 5. d4 cxd4 6. exd4 d6 7. d5 Nb8 8. Be2
Bg4 9. Be3 Nd7 10. Rc1 Ngf6 11. O-O O-O 12. h3 Bxf3 13. Bxf3 a6 14. b4 Rc8 15.
Qb3 Re8 16. Rfd1 Ne5 17. Be2 e6 18. c5 h6 19. dxe6 Rxe6 20. Bf4 Nh5 21. Bh2 Qh4
22. Nd5 Rd8 23. Bxh5 gxh5 24. Nf4 Rf6 25. Qg3 Qxg3 26. Bxg3 Rf5 27. cxd6 Bf8
28. Nd5 Rxd6 29. Ne3 Rg5 30. Bf4 Rxd1+ 31. Rxd1 Bxb4 32. Bxg5 hxg5 33. Rd8+ Kg7
34. Rb8 Bc5 35. Rxb7 g4 36. hxg4 hxg4 37. Rc7 Bb6 38. Re7 Bd4 39. Re8 Kf6 40.
Kf1 Kg5 41. Ke2 Kf4 42. g3+ Kg5 43. Rg8+ Ng6 44. Ra8 f5 45. Rxa6 f4 46. Ra5+
Ne5 47. Nc4 1-0

[Event "Int. Championship of Central Serbia - O"]
[Site "Paracin"]
[Date "2011.07.09"]
[Round "2.3"]
[White "Andrijevic, Milan"]
[Black "Ulibin, Mikhail"]
[Result "0-1"]
[WhiteElo "2365"]
[BlackElo "2538"]
[PlyCount "82"]
[EventDate "2011.??.??"]

1. e4 e6 2. Nf3 d5 3. exd5 exd5 4. d4 Bd6 5. c4 Nf6 6. Nc3 dxc4 7. Bxc4 O-O 8.
O-O Nc6 9. h3 h6 10. a3 Bf5 11. b4 a6 12. Bb2 Re8 13. Ne2 Be4 14. Ng3 Bd5 15.
Bxd5 Nxd5 16. Nf5 Bf4 17. Re1 Nce7 18. Qc2 c6 19. Ne5 Nxf5 20. Qxf5 Re7 21.
Rad1 Qc8 22. Qxc8+ Rxc8 23. Nc4 Rce8 24. Kf1 Bc7 25. g3 f6 26. Rxe7 Rxe7 27.
Re1 Rxe1+ 28. Kxe1 b5 29. Nd2 a5 30. bxa5 Bxa5 31. Ke2 Bxd2 32. Kxd2 Kf7 33.
Kd3 Ke6 34. Bc1 h5 35. g4 g6 36. gxh5 gxh5 37. Bd2 Kf5 38. f3 Nf4+ 39. Kc3 Nxh3
40. d5 cxd5 41. Kb4 Ng1 0-1

[Event "Int. Championship of Central Serbia - O"]
[Site "Paracin"]
[Date "2011.07.09"]
[Round "2.4"]
[White "Pikula, Dejan"]
[Black "Tosic, Srecko"]
[Result "1-0"]
[WhiteElo "2532"]
[BlackElo "2342"]
[PlyCount "67"]
[EventDate "2011.??.??"]

1. e4 e6 2. d3 d5 3. Qe2 Ne7 4. h4 Nbc6 5. Nf3 dxe4 6. dxe4 e5 7. c3 Bg4 8. h5
h6 9. Qb5 Rb8 10. Be3 a6 11. Qa4 Qc8 12. Nbd2 Ng8 13. Bxa6 bxa6 14. Qxc6+ Bd7
15. Qd5 Rb5 16. Qd3 Rxb2 17. Nxe5 Be6 18. Ndc4 Rb8 19. Nc6 Ra8 20. Rd1 Nf6 21.
N4a5 Bg4 22. f3 Bxh5 23. Rxh5 Nxh5 24. g4 Nf6 25. e5 Nd7 26. Qd5 Ba3 27. Nc4
Be7 28. Qe4 Bh4+ 29. Ke2 O-O 30. g5 Bxg5 31. Bxg5 Qe8 32. Ne7+ Kh8 33. Rh1 Nc5
34. Rxh6+ 1-0

[Event "Int. Championship of Central Serbia - O"]
[Site "Paracin"]
[Date "2011.07.09"]
[Round "2.5"]
[White "Pezelj, Novak"]
[Black "Savic, Miodrag R"]
[Result "0-1"]
[WhiteElo "2364"]
[BlackElo "2520"]
[PlyCount "72"]
[EventDate "2011.??.??"]

1. e4 d5 2. exd5 Qxd5 3. Nc3 Qa5 4. d4 Nf6 5. Bc4 c6 6. Nge2 Bf5 7. O-O e6 8.
Ng3 Bd6 9. Nxf5 Qxf5 10. Qe2 Nbd7 11. Bd2 h5 12. h3 Bf4 13. Rad1 Bxd2 14. Rxd2
O-O 15. Rfd1 Rfe8 16. a3 Rad8 17. Bd3 Qa5 18. Ne4 Qc7 19. Qf3 Nxe4 20. Bxe4 Nf6
21. c3 Kf8 22. Bc2 Rd7 23. c4 Red8 24. g4 Qa5 25. c5 hxg4 26. hxg4 Qc7 27. g5
Nd5 28. g6 Qf4 29. Qh5 Qf6 30. gxf7 Nf4 31. Qg4 Rd5 32. Kf1 Rh5 33. Be4 Rh4 34.
Qg3 Kxf7 35. Ke1 Rdh8 36. Rc2 Rh1+ 0-1

[Event "Int. Championship of Central Serbia - O"]
[Site "Paracin"]
[Date "2011.07.09"]
[Round "2.6"]
[White "Blagojevic, Dragisa"]
[Black "Weinzettl, Ernst"]
[Result "1/2-1/2"]
[WhiteElo "2516"]
[BlackElo "2335"]
[PlyCount "53"]
[EventDate "2011.??.??"]

1. d4 Nf6 2. c4 g6 3. Nf3 Bg7 4. g3 O-O 5. Bg2 d6 6. O-O c6 7. Nc3 Qa5 8. e4
Bg4 9. h3 Bxf3 10. Bxf3 e5 11. d5 cxd5 12. cxd5 Nbd7 13. Qe2 a6 14. Bd2 Rfc8
15. Rfc1 Qd8 16. Rc2 Qf8 17. Rac1 Bh6 18. Bxh6 Qxh6 19. h4 Rc7 20. a3 Rac8 21.
Bg2 Qf8 22. Bh3 Qd8 23. Kg2 Rc4 24. Na4 Rxc2 25. Rxc2 Rxc2 26. Qxc2 b5 27. Bxd7
1/2-1/2

[Event "Int. Championship of Central Serbia - O"]
[Site "Paracin"]
[Date "2011.07.09"]
[Round "2.7"]
[White "Martic, Ivan"]
[Black "Djukic, Nikola"]
[Result "1/2-1/2"]
[WhiteElo "2347"]
[BlackElo "2508"]
[PlyCount "70"]
[EventDate "2011.??.??"]

1. e4 c5 2. Nf3 Nc6 3. d4 cxd4 4. Nxd4 Nf6 5. Nc3 d6 6. Bg5 e6 7. Qd2 a6 8.
O-O-O Bd7 9. f4 h6 10. Bh4 Nxe4 11. Qe1 Nf6 12. Nf5 Qa5 13. Nxd6+ Bxd6 14. Rxd6
Qc7 15. Rd2 O-O-O 16. Qe3 Ne7 17. Bd3 Bc6 18. Rhd1 Rhe8 19. f5 Nxf5 20. Bxf5
exf5 21. Rxd8+ Rxd8 22. Bxf6 gxf6 23. Rxd8+ Qxd8 24. g3 h5 25. Qc5 Qd7 26. b4
Qe6 27. Kd2 Kd7 28. Qd4+ Ke7 29. Qc5+ Ke8 30. Qd4 Kf8 31. a3 Qe5 32. Ne2 Bf3
33. Qd8+ Kg7 34. Nf4 Qa1 35. Ne6+ fxe6 1/2-1/2

[Event "Int. Championship of Central Serbia - O"]
[Site "Paracin"]
[Date "2011.07.09"]
[Round "2.8"]
[White "Pavlov, Sergey"]
[Black "Doric, Nenad"]
[Result "0-1"]
[WhiteElo "2505"]
[BlackElo "2322"]
[PlyCount "90"]
[EventDate "2011.??.??"]

1. e4 c6 2. d4 d5 3. e5 c5 4. Nf3 Bg4 5. dxc5 Nc6 6. Bb5 Qa5+ 7. Nc3 e6 8. h3
Bxf3 9. Qxf3 Bxc5 10. O-O Nge7 11. Bd2 O-O 12. Rae1 Ng6 13. Bxc6 bxc6 14. Qg3
Bd4 15. Kh1 Bxc3 16. Qxc3 Qxc3 17. Bxc3 c5 18. Ba5 Rfc8 19. f4 Ne7 20. Rf3 Nc6
21. Bc3 Nb4 22. Bxb4 cxb4 23. Re2 Rc4 24. g3 Rac8 25. a3 Rxc2 26. Rxc2 Rxc2 27.
Rb3 a5 28. axb4 a4 29. Ra3 Rxb2 30. Rxa4 h6 31. Kg1 g5 32. f5 exf5 33. Ra8+ Kg7
34. Rd8 Rxb4 35. Rxd5 h5 36. Rd8 h4 37. gxh4 Rxh4 38. Kg2 Re4 39. Re8 Re3 40.
Kh2 f4 41. Kg2 Kg6 42. Re7 Re2+ 43. Kg1 f3 44. Re8 Kf5 45. Re7 Kf4 0-1

[Event "Int. Championship of Central Serbia - OP"]
[Site "Paracin"]
[Date "2011.07.09"]
[Round "2.9"]
[White "Brankovic, Dejan"]
[Black "Smith, Bryan G"]
[Result "0-1"]
[WhiteElo "2338"]
[BlackElo "2503"]
[PlyCount "80"]
[EventDate "2011.07.08"]

1. e4 c5 2. Nf3 d6 3. d4 cxd4 4. Nxd4 Nf6 5. Nc3 a6 6. Bc4 e6 7. O-O Be7 8. Bb3
O-O 9. a4 Nc6 10. Be3 Na5 11. f3 Nxb3 12. Nxb3 Bd7 13. Qd2 Qc7 14. Rfd1 Bc6 15.
Bd4 e5 16. Be3 d5 17. Nxd5 Bxd5 18. exd5 Rfd8 19. Qf2 Nxd5 20. Bc5 Rac8 21.
Bxe7 Qxe7 22. Rd2 Nf4 23. Rad1 Rxd2 24. Rxd2 h5 25. Qe3 h4 26. a5 Rc6 27. Qe4
Rg6 28. Kf1 Qg5 29. Qe3 e4 30. fxe4 Qe5 31. Kg1 Ne6 32. c4 f5 33. Nd4 f4 34.
Qd3 Nc5 35. Qf3 Nxe4 36. Rd1 Rd6 37. Nb3 Ng5 38. Qh5 Nh3+ 39. gxh3 Qxh5 40.
Rxd6 Qe5 0-1

[Event "Int. Championship of Central Serbia - OP"]
[Site "Paracin"]
[Date "2011.07.09"]
[Round "2.10"]
[White "Miljkovic, Miroslav D"]
[Black "Bojovic, Dusan"]
[Result "1-0"]
[WhiteElo "2495"]
[BlackElo "2320"]
[PlyCount "53"]
[EventDate "2011.07.08"]

1. d4 Nf6 2. c4 g6 3. Nc3 Bg7 4. e4 d6 5. h3 O-O 6. Bg5 Nbd7 7. Nf3 a6 8. Bd3
c5 9. d5 b5 10. cxb5 axb5 11. Nxb5 Ba6 12. Nc3 Qa5 13. O-O Rfb8 14. Rb1 Nb6 15.
Bxa6 Qxa6 16. b3 Nfd7 17. Qc2 Ne5 18. Nxe5 Bxe5 19. Rfc1 c4 20. Be3 Nd7 21. Na4
cxb3 22. axb3 Rc8 23. Qd1 Qb5 24. Qf1 Qb4 25. Qd3 Rab8 26. Rc6 Nf6 27. f4 1-0

[Event "Int. Championship of Central Serbia - OP"]
[Site "Paracin"]
[Date "2011.07.09"]
[Round "2.11"]
[White "Savicevic, Vlatko"]
[Black "Doric, Darko"]
[Result "0-1"]
[WhiteElo "2334"]
[BlackElo "2491"]
[PlyCount "48"]
[EventDate "2011.07.08"]

1. e4 c5 2. Nc3 Nc6 3. f4 g6 4. Nf3 Bg7 5. Bb5 Nd4 6. O-O a6 7. Bc4 e6 8. d3
Ne7 9. Nxd4 Bxd4+ 10. Kh1 d5 11. Bb3 b5 12. Ne2 Bg7 13. c3 dxe4 14. dxe4 O-O
15. Be3 Qc7 16. Qe1 Bb7 17. Qf2 Rac8 18. Bc2 f5 19. exf5 exf5 20. Bb3+ c4 21.
Bc2 Nd5 22. Bd4 Rfe8 23. Bxg7 Qxg7 24. Nd4 Ne3 0-1

[Event "Int. Championship of Central Serbia - OP"]
[Site "Paracin"]
[Date "2011.07.09"]
[Round "2.12"]
[White "Petkov, Vladimir"]
[Black "Sarenac, Ivan"]
[Result "1-0"]
[WhiteElo "2490"]
[BlackElo "2315"]
[PlyCount "45"]
[EventDate "2011.07.08"]

1. Nf3 Nf6 2. c4 g6 3. Nc3 d5 4. Qa4+ Bd7 5. Qb3 dxc4 6. Qxc4 a6 7. e4 b5 8.
Qe2 c5 9. e5 Nh5 10. d4 cxd4 11. Nxd4 Nc6 12. Nb3 Ng7 13. f4 Be6 14. Qf2 Bxb3
15. axb3 Nd4 16. Be3 Nc6 17. Qf3 Qc8 18. Nd5 Rb8 19. Rc1 Kd7 20. Nb6+ Rxb6 21.
Bxb6 e6 22. Qd3+ Ke8 23. Rxc6 1-0

[Event "Int. Championship of Central Serbia - OP"]
[Site "Paracin"]
[Date "2011.07.09"]
[Round "2.13"]
[White "Popovic, Aleksandar M"]
[Black "Farago, Ivan"]
[Result "1-0"]
[WhiteElo "2321"]
[BlackElo "2485"]
[PlyCount "87"]
[EventDate "2011.07.08"]

1. g3 d5 2. Bg2 Nf6 3. d3 c6 4. Nf3 Bg4 5. Nbd2 e6 6. O-O Be7 7. c4 O-O 8. b3
a5 9. Rb1 Nbd7 10. a3 e5 11. h3 Bh5 12. g4 Bg6 13. Nh4 Nc5 14. Ndf3 dxc4 15.
Nxg6 hxg6 16. bxc4 e4 17. Ne5 exd3 18. exd3 Qc7 19. Bf4 Bd6 20. d4 Ne6 21. Bg3
Rad8 22. Re1 Nd7 23. Nxg6 fxg6 24. Rxe6 Bxg3 25. fxg3 Nc5 26. Re3 Kh7 27. Rb2
a4 28. Kh2 Nb3 29. d5 cxd5 30. cxd5 Qc5 31. Re6 Qxa3 32. Qb1 Kg8 33. Ra2 Qb4
34. Qxg6 Na5 35. Re7 Qd4 36. g5 b6 37. Rae2 a3 38. Ra7 Ra8 39. Rxa8 Rxa8 40. d6
Rf8 41. Re7 Qb2 42. Qh5 Rf2 43. Re8+ Rf8 44. g6 1-0

[Event "Int. Championship of Central Serbia - OP"]
[Site "Paracin"]
[Date "2011.07.09"]
[Round "2.14"]
[White "Milosevic, Aleksandar"]
[Black "Saric, Sinisa"]
[Result "0-1"]
[WhiteElo "2295"]
[BlackElo "2472"]
[PlyCount "76"]
[EventDate "2011.07.08"]

1. Nf3 Nf6 2. c4 g6 3. Nc3 Bg7 4. e4 d6 5. d4 O-O 6. Be3 Na6 7. Be2 e5 8. O-O
Ng4 9. Bg5 Qe8 10. dxe5 dxe5 11. Nd2 f6 12. Bxg4 fxg5 13. Nb3 c6 14. Bxc8 Qxc8
15. Qe2 Nc7 16. c5 Ne6 17. Qc4 Rf7 18. Ne2 Bf8 19. Rad1 g4 20. Rd3 Ng5 21. Na5
Qc7 22. b4 Re8 23. Rfd1 Re6 24. h4 gxh3 25. Rg3 Qe7 26. f3 Bh6 27. Qd3 hxg2 28.
Kxg2 Ref6 29. Qd8+ Qxd8 30. Rxd8+ Kg7 31. Ng1 b6 32. Nc4 bxc5 33. Nxe5 Re7 34.
Ng4 Ne6 35. e5 Rf4 36. Rc8 Rxb4 37. Nf6 Nf4+ 38. Kh1 Rxe5 0-1

[Event "Int. Championship of Central Serbia - OP"]
[Site "Paracin"]
[Date "2011.07.09"]
[Round "2.15"]
[White "Abramovic, Bosko"]
[Black "Ganaus, Hannes"]
[Result "1-0"]
[WhiteElo "2464"]
[BlackElo "2287"]
[Annotator "Rubinstein,Helena"]
[PlyCount "70"]
[EventDate "2011.07.08"]

1. d4 Nf6 2. c4 g6 3. Nc3 Bg7 4. g3 O-O 5. Bg2 d6 6. Nf3 c6 7. O-O Qa5 8. h3
Qa6 9. b3 b5 10. Nd2 Bb7 11. Bb2 Nbd7 12. e4 Ne8 13. cxb5 cxb5 14. a4 bxa4 15.
Nxa4 Qb5 16. Nc4 Nb6 17. Nc3 Qd7 18. Na5 Ba6 19. Re1 Nc7 20. Qd2 Rab8 21. d5
Nc8 22. Qc2 Nb5 23. Nc6 Rb6 24. Na4 Rb7 25. Bxg7 Kxg7 26. Nc5 dxc5 27. Rxa6 Rb6
28. Ra2 Nd4 29. Nxd4 cxd4 30. e5 Qb5 31. Rb1 f6 32. Qe4 d3 33. Bf1 Rd8 34. Rd2
Rxd5 35. exf6+ Rxf6 {Necitko} 1-0

[Event "Int. Championship of Central Serbia - OP"]
[Site "Paracin"]
[Date "2011.07.09"]
[Round "2.16"]
[White "Radusinovic, Lazar"]
[Black "Arsovic, Zoran"]
[Result "1/2-1/2"]
[WhiteElo "2283"]
[BlackElo "2463"]
[PlyCount "41"]
[EventDate "2011.07.08"]

1. d4 Nf6 2. Nf3 e6 3. c4 c5 4. Nc3 cxd4 5. Nxd4 Bb4 6. Bd2 O-O 7. e3 d5 8.
cxd5 exd5 9. Bd3 Re8 10. O-O a6 11. Rc1 Bd6 12. h3 Bc7 13. Nce2 Qd6 14. Ng3 Nc6
15. Bc3 h5 16. Nf3 Ne4 17. Bxe4 dxe4 18. Qxd6 Bxd6 19. Nd4 Nxd4 20. Bxd4 Bxg3
21. fxg3 1/2-1/2

[Event "Int. Championship of Central Serbia - OP"]
[Site "Paracin"]
[Date "2011.07.09"]
[Round "2.17"]
[White "Zlatanovic, Boroljub"]
[Black "Majeric, Zoran"]
[Result "1-0"]
[WhiteElo "2433"]
[BlackElo "2278"]
[PlyCount "123"]
[EventDate "2011.07.08"]

1. c4 e5 2. Nc3 Nc6 3. g3 Nf6 4. Bg2 Bc5 5. e3 d5 6. Nxd5 Nxd5 7. cxd5 Nb4 8.
Qb3 c6 9. Ne2 Nxd5 10. O-O O-O 11. d4 exd4 12. Qc4 d3 13. Qxc5 dxe2 14. Re1 Qb6
15. Qxb6 axb6 16. Bd2 f5 17. Rxe2 Nf6 18. Bb4 Re8 19. a3 Be6 20. Rd1 Bd5 21. f3
Bc4 22. Ree1 c5 23. Bc3 Nd5 24. Bd2 Bb3 25. Rc1 Rad8 26. e4 fxe4 27. Rxe4 Rxe4
28. fxe4 Nc7 29. Bc3 Nb5 30. Bf1 Nd4 31. Kf2 Rf8+ 32. Kg2 Rd8 33. Re1 Nc2 34.
Re2 Rd1 35. Kf2 Rd8 36. Rd2 Rf8+ 37. Kg1 Ne3 38. Be2 Bc4 39. Rd7 Rf7 40. Rd8+
Rf8 41. Rd7 Rf7 42. Rd8+ Rf8 43. Rxf8+ Kxf8 44. Bf3 Bb3 45. Be2 g6 46. Kf2 Nd1+
47. Kf3 Nxc3 48. bxc3 Ke7 49. Kf4 h6 50. Ke5 Ba2 51. Bg4 Bc4 52. Bc8 Ba6 53. h4
Kd8 54. Be6 Ke7 55. Bd5 b5 56. g4 b6 57. g5 hxg5 58. hxg5 Bc8 59. Bc6 Be6 60.
Bxb5 Bf7 61. Bc6 Be6 62. Be8 1-0

[Event "Int. Championship of Central Serbia - OP"]
[Site "Paracin"]
[Date "2011.07.09"]
[Round "2.18"]
[White "Nenezic, Marko"]
[Black "Nestorovic, Lazar"]
[Result "1-0"]
[WhiteElo "2274"]
[BlackElo "2428"]
[PlyCount "81"]
[EventDate "2011.07.08"]

1. Nf3 d6 2. d4 g6 3. c4 Bg7 4. e4 Bg4 5. Be2 Nd7 6. Nc3 c5 7. d5 Bxf3 8. Bxf3
Bxc3+ 9. bxc3 Ngf6 10. Qc2 Rg8 11. h4 Qa5 12. O-O O-O-O 13. Rb1 Kb8 14. Bf4 Ne5
15. Be2 Ka8 16. Rb5 Qc7 17. Rfb1 Rb8 18. R1b3 Nfd7 19. Ra3 a6 20. Bh2 f5 21. f4
Ng4 22. Bxg4 fxg4 23. e5 Rbf8 24. Qe4 Rf5 25. Rb1 Rgf8 26. Rab3 h6 27. Re1 Ka7
28. Rb2 h5 29. Rbe2 b6 30. Bg3 Qd8 31. Qc2 Kb7 32. exd6 exd6 33. Re7 R8f7 34.
Rxf7 Rxf7 35. Qxg6 Qf6 36. Qxf6 Rxf6 37. Re6 Kc7 38. Kf2 Rf5 39. Ke3 Nf6 40.
Re7+ Kb8 41. Rg7 1-0

[Event "Int. Championship of Central Serbia - OP"]
[Site "Paracin"]
[Date "2011.07.09"]
[Round "2.19"]
[White "Radlovacki, Jovan"]
[Black "Gajic, Mladen"]
[Result "1-0"]
[WhiteElo "2417"]
[BlackElo "2269"]
[PlyCount "69"]
[EventDate "2011.07.08"]

1. e4 Nf6 2. e5 Nd5 3. d4 d6 4. Nf3 dxe5 5. Nxe5 c6 6. c4 Nb4 7. Nd3 Nxd3+ 8.
Qxd3 g6 9. Be3 Bg7 10. Nc3 O-O 11. Be2 Na6 12. O-O Nc7 13. Rfd1 f5 14. f4 Be6
15. Bf3 Bf7 16. Rd2 Qd6 17. Ne2 Rfd8 18. Rc1 Rab8 19. Kh1 Bf6 20. Qc2 a6 21. h3
Rdc8 22. Qd1 b5 23. d5 bxc4 24. dxc6 Qe6 25. Bd4 Bxd4 26. Rxd4 Qf6 27. Rc2 Nb5
28. Rd7 Be6 29. a4 Nd6 30. Rxd6 exd6 31. Qxd6 Kf7 32. c7 Rxb2 33. Rxb2 Qxb2 34.
Nd4 Qc1+ 35. Kh2 1-0

[Event "Int. Championship of Central Serbia - OP"]
[Site "Paracin"]
[Date "2011.07.09"]
[Round "2.20"]
[White "Pancevski, Filip"]
[Black "Zarkovic, Mila"]
[Result "1-0"]
[WhiteElo "2410"]
[BlackElo "2015"]
[PlyCount "45"]
[EventDate "2011.07.08"]

1. e4 c5 2. Nf3 e6 3. d3 d6 4. g3 Nf6 5. Bg2 Be7 6. O-O O-O 7. Re1 Nc6 8. c3
Qc7 9. d4 cxd4 10. cxd4 d5 11. e5 Ne4 12. Nbd2 Nxd2 13. Bxd2 Qb6 14. Bc3 Bd7
15. h4 Rac8 16. Ng5 h6 17. Nh3 Na5 18. Nf4 Nc4 19. Rb1 Rfd8 20. Nh5 a5 21. Bf1
Bb5 22. Bd3 Qa6 23. a4 1-0

[Event "Int. Championship of Central Serbia - OP"]
[Site "Paracin"]
[Date "2011.07.09"]
[Round "2.21"]
[White "Marjanovic, Dejan"]
[Black "Sertic, Rudolf"]
[Result "0-1"]
[WhiteElo "2153"]
[BlackElo "2406"]
[PlyCount "134"]
[EventDate "2011.07.08"]

1. e4 c5 2. Nf3 e6 3. d4 cxd4 4. Nxd4 a6 5. Be2 Nf6 6. Nc3 Qc7 7. O-O d6 8. f4
Be7 9. Kh1 Nc6 10. Be3 Bd7 11. a4 O-O 12. Bd3 Rac8 13. Qf3 Qb8 14. a5 Bd8 15.
Nxc6 Bxc6 16. Qg3 Re8 17. e5 Nd7 18. Bd4 f6 19. Qh3 f5 20. exd6 Qxd6 21. Qe3 g6
22. b3 Bf6 23. Bxf6 Nxf6 24. Bc4 Ng4 25. Qd3 Qxd3 26. cxd3 Ne3 27. Rf2 Nxc4 28.
bxc4 Rcd8 29. Rd1 e5 30. Ne2 exf4 31. Nxf4 Re5 32. Re2 Rxa5 33. Kg1 Ra4 34. Ne6
Re8 35. Rdd2 h6 36. Kf2 Rb4 37. Nd4 Bd7 38. Rxe8+ Bxe8 39. Re2 Kf7 40. Ne6 Bd7
41. Nc5 Bc6 42. Ne6 Kf6 43. Nd4 Bd7 44. Ke3 a5 45. Ra2 a4 46. Ne2 b5 47. cxb5
Bxb5 48. Nc3 Bc6 49. g3 Ke5 50. Ne2 g5 51. Rc2 Kd6 52. Rc3 Kd5 53. h4 Rb3 54.
hxg5 hxg5 55. Rxb3 axb3 56. Kd2 Ke5 57. Ke3 Bd5 58. Kd2 f4 59. gxf4+ gxf4 60.
Ng1 Kf5 61. Nh3 Kg4 62. Nf2+ Kg3 63. Nd1 Kg2 64. Ke1 Kg1 65. Kd2 f3 66. Nc3 f2
67. Ne2+ Kh2 0-1

[Event "Int. Championship of Central Serbia - OP"]
[Site "Paracin"]
[Date "2011.07.09"]
[Round "2.22"]
[White "Milenkovic, Mladen"]
[Black "Uyanik, Mehmet"]
[Result "1-0"]
[WhiteElo "2405"]
[BlackElo "1719"]
[PlyCount "53"]
[EventDate "2011.07.08"]

1. c4 Nf6 2. Nc3 c5 3. g3 Nc6 4. Bg2 e6 5. Nf3 d5 6. cxd5 exd5 7. d4 c4 8. O-O
Bf5 9. Ne5 Be7 10. Nxd5 Nxd5 11. e4 Be6 12. exd5 Bxd5 13. Bxd5 Qxd5 14. Nxc6
Qxc6 15. Re1 Rd8 16. Bg5 f6 17. Qe2 Rd7 18. d5 Qxd5 19. Rad1 Qc6 20. Rxd7 Qxd7
21. Bf4 g5 22. Rd1 Qc8 23. Bd6 Qd8 24. Ba3 Qc7 25. Re1 h5 26. Bxe7 Kd7 27. Qe6+
1-0

[Event "Int. Championship of Central Serbia - OP"]
[Site "Paracin"]
[Date "2011.07.09"]
[Round "2.24"]
[White "Lajthajm, Borko"]
[Black "Markoja, Boris"]
[Result "1-0"]
[WhiteElo "2481"]
[BlackElo "1944"]
[PlyCount "53"]
[EventDate "2011.07.08"]

1. d4 Nf6 2. c4 e6 3. Nf3 b6 4. g3 Ba6 5. Qa4 Bb7 6. Bg2 c5 7. O-O Be7 8. Rd1
O-O 9. Nc3 cxd4 10. Nxd4 Bxg2 11. Kxg2 a6 12. Bg5 Qc7 13. Ne4 Nxe4 14. Bxe7 Rc8
15. f3 Nc5 16. Bxc5 bxc5 17. Nb5 Qe5 18. Nc3 Ra7 19. Rd2 Rb7 20. Qc2 Nc6 21.
Rad1 Nd4 22. Qe4 Qb8 23. e3 Nf5 24. b3 d6 25. Kh3 Rd8 26. g4 d5 27. gxf5 1-0

[Event "Int. Championship of Central Serbia - OP"]
[Site "Paracin"]
[Date "2011.07.09"]
[Round "2.25"]
[White "Ardeleanu, Alin"]
[Black "Stefanovic, Vladimir"]
[Result "1/2-1/2"]
[WhiteElo "2394"]
[BlackElo "2176"]
[PlyCount "56"]
[EventDate "2011.07.08"]

1. e4 c5 2. Nf3 g6 3. Bc4 Bg7 4. O-O Nc6 5. c3 d6 6. d4 cxd4 7. cxd4 Nf6 8. d5
Nb8 9. Nc3 Bg4 10. Be2 Bxf3 11. Bxf3 Nbd7 12. Be3 O-O 13. Qa4 Qb8 14. Rfc1 Rc8
15. Rab1 a6 16. Qd1 Ne5 17. Be2 Nc4 18. Bxc4 Rxc4 19. Qd3 Rc8 20. Na4 Nd7 21.
b3 b5 22. Nc3 Nc5 23. Bxc5 Rxc5 24. Ne2 Qb6 25. b4 Rcc8 26. Rxc8+ Rxc8 27. Rc1
Rxc1+ 28. Nxc1 a5 1/2-1/2

[Event "Int. Championship of Central Serbia - OP"]
[Site "Paracin"]
[Date "2011.07.09"]
[Round "2.26"]
[White "Ivanovic, Andrej"]
[Black "Djurovic, Goran"]
[Result "1/2-1/2"]
[WhiteElo "2001"]
[BlackElo "2328"]
[PlyCount "109"]
[EventDate "2011.07.08"]

1. d4 c5 2. c3 e6 3. Bf4 Nf6 4. e3 b6 5. Nf3 Be7 6. h3 O-O 7. Nbd2 cxd4 8. exd4
d6 9. Bd3 Ba6 10. Nc4 Qc7 11. Qe2 Rc8 12. Ne3 Bxd3 13. Qxd3 Qb7 14. O-O Qe4 15.
Qxe4 Nxe4 16. Rfe1 Nf6 17. a4 Bf8 18. Rac1 a6 19. c4 Nbd7 20. b4 a5 21. b5 Re8
22. Bh2 Rac8 23. Rc2 d5 24. Rec1 Ba3 25. Ra1 Bb4 26. Rac1 dxc4 27. Rxc4 Rxc4
28. Rxc4 Rd8 29. Kf1 Kf8 30. Bc7 Ra8 31. Rc6 Ke8 32. Bxb6 Nxb6 33. Rxb6 Rc8 34.
Rc6 Rxc6 35. bxc6 Bd6 36. Ne5 Ne4 37. N5c4 Bc7 38. Nd1 Ke7 39. Ke2 Nd6 40. Na3
Bb6 41. Kd3 Nf5 42. Nb5 Kd8 43. Ne3 Ne7 44. Nc4 Bc7 45. Nxc7 Kxc7 46. Nxa5 Kb6
47. Nc4+ Kxc6 48. Ne5+ Kd5 49. a5 f6 50. Nd7 Nc6 51. Nb6+ Kd6 52. Nc4+ Kd5 53.
Nb6+ Kd6 54. Nc4+ Kd5 55. Nb6+ 1/2-1/2

[Event "Int. Championship of Central Serbia - OP"]
[Site "Paracin"]
[Date "2011.07.09"]
[Round "2.27"]
[White "Kislik, Erik Andrew"]
[Black "Draskovic, Luka"]
[Result "1-0"]
[WhiteElo "2328"]
[BlackElo "2135"]
[PlyCount "49"]
[EventDate "2011.07.08"]

1. e4 c5 2. Nf3 d6 3. d4 cxd4 4. Nxd4 Nf6 5. Nc3 g6 6. Be3 Bg7 7. f3 O-O 8. Qd2
Nc6 9. Bc4 Bd7 10. O-O-O Rc8 11. Bb3 Nxd4 12. Bxd4 b5 13. h4 a5 14. h5 a4 15.
Bxf6 exf6 16. Bd5 f5 17. hxg6 hxg6 18. g4 b4 19. Qh2 Re8 20. Qxd6 bxc3 21. Qxg6
cxb2+ 22. Kb1 Qf6 23. Bxf7+ Qxf7 24. Rh8+ Kxh8 25. Qxf7 1-0

[Event "Int. Championship of Central Serbia - OP"]
[Site "Paracin"]
[Date "2011.07.09"]
[Round "2.28"]
[White "Toth, Aleksandar"]
[Black "Zajic, Milan"]
[Result "1/2-1/2"]
[WhiteElo "2315"]
[BlackElo "2074"]
[PlyCount "42"]
[EventDate "2011.07.08"]

1. e4 c5 2. Nf3 d6 3. c3 Nf6 4. h3 Nc6 5. Bd3 g6 6. Bc2 e5 7. d4 Qc7 8. dxe5
dxe5 9. O-O Bg7 10. a4 O-O 11. Na3 Rd8 12. Qe2 h6 13. Be3 b6 14. Rfd1 Be6 15.
Nd2 Nh5 16. Qf3 Nd4 17. Bxd4 exd4 18. Nb5 Qf4 19. cxd4 Bxd4 20. Nxd4 Rxd4 21.
Qxf4 Nxf4 1/2-1/2

[Event "Int. Championship of Central Serbia - OP"]
[Site "Paracin"]
[Date "2011.07.09"]
[Round "2.30"]
[White "Dinic, Dragan"]
[Black "Perunovic, Ljubivoje"]
[Result "1-0"]
[WhiteElo "2297"]
[BlackElo "2006"]
[PlyCount "160"]
[EventDate "2011.07.08"]

1. e4 Nf6 2. Nc3 d5 3. exd5 Nxd5 4. Bc4 Nb6 5. Bb3 c5 6. d3 Nc6 7. Nf3 Nd4 8.
Nxd4 cxd4 9. Ne4 e6 10. O-O Bd7 11. Qh5 Be7 12. Qe5 Bf6 13. Nd6+ Kf8 14. Qh5
Qe7 15. Nxb7 Bc6 16. Na5 Bd5 17. Bxd5 Nxd5 18. Nc4 Nb4 19. Qe2 Rc8 20. b3 Kg8
21. Ba3 Rb8 22. Qd2 Qc5 23. Qf4 Qc8 24. Bxb4 Rxb4 25. a3 Rb5 26. b4 Qb8 27.
Qxb8+ Rxb8 28. Rfb1 Kf8 29. b5 Ke7 30. a4 Kd7 31. Kf1 Rhc8 32. Ke2 Rc5 33. Ra2
Bd8 34. Rab2 e5 35. Kf3 Ke6 36. g4 g6 37. h3 Kd5 38. Re1 f6 39. h4 Bc7 40. h5
gxh5 41. gxh5 Rg8 42. Rbb1 Rg5 43. Rh1 h6 44. Rbg1 Bd8 45. Rxg5 fxg5 46. Re1
Ke6 47. Kg4 Bc7 48. f3 Rd5 49. Rb1 Rd8 50. a5 Rf8 51. b6 axb6 52. axb6 Bb8 53.
b7 Bc7 54. Ra1 Rf4+ 55. Kg3 Rh4 56. Kg2 Rxh5 57. Ra8 e4 58. fxe4 Rh2+ 59. Kf3
h5 60. e5 g4+ 61. Ke4 g3 62. b8=Q Bxb8 63. Rxb8 h4 64. Kxd4 Rxc2 65. Ne3 g2 66.
Nxg2 Rxg2 67. Re8+ Kf7 68. Rh8 Rg4+ 69. Kd5 Kg7 70. Ra8 h3 71. Ra1 Kf7 72. e6+
Ke7 73. Ra7+ Kf6 74. Rf7+ Kg6 75. Rf3 h2 76. Rh3 Ra4 77. d4 Kf6 78. Rh6+ Ke7
79. Ke5 Ra1 80. Rh7+ Kf8 1-0